Des Églises régionales à l’heure de la mondialisation (notice n° 2069492)
[ vue normale ]
| 000 -LEADER | |
|---|---|
| fixed length control field | 00964cam a2200157 4500500 |
| 005 - DATE AND TIME OF LATEST TRANSACTION | |
| control field | 20260405003631.0 |
| 041 ## - LANGUAGE CODE | |
| Language code of text/sound track or separate title | fre |
| 042 ## - AUTHENTICATION CODE | |
| Authentication code | dc |
| 100 10 - MAIN ENTRY--PERSONAL NAME | |
| Personal name | Ndongala Maduku, Ignace |
| Relator term | author |
| 245 00 - TITLE STATEMENT | |
| Title | Des Églises régionales à l’heure de la mondialisation |
| 260 ## - PUBLICATION, DISTRIBUTION, ETC. | |
| Date of publication, distribution, etc. | 2005.<br/> |
| 500 ## - GENERAL NOTE | |
| General note | 63 |
| 520 ## - SUMMARY, ETC. | |
| Summary, etc. | For over ten years, the Catholic Church has seen the resurgence of centralizing tendencies that are eroding the vitality of episcopal conferences and the dynamism of synods. In view of the current context of cultural pluralism, and given the tension between regionalization and globalization, the author considers regional churches as a suitable response to the challenge of the search by local churches for their identity, and an alternative to Roman centralization |
| 786 0# - DATA SOURCE ENTRY | |
| Note | Lumen Vitae | Volume LX | 1 | 2005-01-01 | p. 97-104 | 0024-7324 |
| 856 41 - ELECTRONIC LOCATION AND ACCESS | |
| Uniform Resource Identifier | <a href="https://shs.cairn.info/revue-lumen-vitae-2005-1-page-97?lang=fr&redirect-ssocas=7080">https://shs.cairn.info/revue-lumen-vitae-2005-1-page-97?lang=fr&redirect-ssocas=7080</a> |
Pas d'exemplaire disponible.




Réseaux sociaux